000 00624nam a2200205Ia 4500
003 GCL
008 140319s9999 xx 000 0 ara d
040 _aGCL /
_cGCL
082 0 4 _a155.423
_bع ت
100 1 _aعواطف ابراهيم محمد
245 1 0 _aالتربية النفسية الحركية فى رياض الاطفال /
_cعواطف ابراهيم محمد
300 _a142 ص
490 _a
650 0 4 _aرياض الاطفال
650 0 4 _aعلم النفس
650 0 4 _aالتمرينات الرياضية
650 0 4 _aالتدريب
650 0 4 _aالاطفال - نمو
942 _2ddc
_cBK
999 _c39565
_d39565